000 00805cab a2200241 4500
001 WB2626-58
008 090401t1990 xxu||||| |||| 00| 0 eng d
035 _a(Sirsi) u3490
041 _aeng
245 _aA1 road to be upgraded
260 _c1990
350 _a0
490 _aFinancial Times
_v4/7/90 p7
490 _aTimes
_v4/7/90 p2
490 _aScotsman
_v4/7/90 p1&2 (3)
520 _aThe government proposes to upgrade the A1 trunk road into a motorway linking London and Newcastle , 260 miles in length. The Scots think the new road should be extended into Scotland.
650 _aINFRASTUCTURE
650 _aPROPERTY-INFRASTRUCTURE-TRANSPORT INFRASTRUCTURE-ROAD INFRASTRUCTURE
650 _aTRANSPORT
690 _aTRANSPORT AND COMMUNICATIONS
942 _n0
948 _c04/03/1997
999 _c2147
_d2147